00673nam a2200205 a 450000100060000000300080000600500170001400800460003103500190007704000320009604100080012808200230013624501090015926000380026830000560030650000260036250400340038865100250042270000200044724972BD-RjUL20211209050819.0140215s1955 1954 enkab b 000 0 eng d a(BD-RjUL)25041 aDLCcOUNdOCLdBD-RjULbeng aeng0 a901bEUR V-2 195514aThe European inheritance /cedited by Sir Ernest Barker, Sir George Clark [and] P. Vaucher.nVOLUME II. aOxford :bClarendon Press,c1955. axxviii ,391 p. :bill., maps (part fold.) ;c23 cm. aErratum slip inserted aBibliography: v.1, p. 154-155 0aEuropexCivilization1 aBarker, Ernest,